Apuntes históricos y geográficos del municipio de Las salinas provincia de Barahona / (Registro nro. 15023)

Detalles MARC
000 -LEADER
fixed length control field 01217nam a2200313 i 4500
001 - CONTROL NUMBER
control field 000031235
003 - CONTROL NUMBER IDENTIFIER
control field DO-SdBPM
005 - DATE AND TIME OF LATEST TRANSACTION
control field 20250401130650.0
007 - PHYSICAL DESCRIPTION FIXED FIELD--GENERAL INFORMATION
fixed length control field ta
008 - FIXED-LENGTH DATA ELEMENTS--GENERAL INFORMATION
fixed length control field 090714s2007 dr abc 000 0 spa d
020 ## - INTERNATIONAL STANDARD BOOK NUMBER
International Standard Book Number 9789993442714
040 ## - CATALOGING SOURCE
Original cataloging agency DO-SdBPM
Language of cataloging spa
Transcribing agency BPMSU
Description conventions rda
082 #4 - DEWEY DECIMAL CLASSIFICATION NUMBER
Classification number 972.325
Item number P438ap 2007
Edition number 22
100 1# - MAIN ENTRY--PERSONAL NAME
Personal name Pérez, Rafael Leónidas,
Numeration 1955-
Relator term autor
245 10 - TITLE STATEMENT
Title Apuntes históricos y geográficos del municipio de Las salinas provincia de Barahona /
Statement of responsibility, etc. Rafael Leónidas Pérez.
Remainder of title
264 ## - PRODUCTION, PUBLICATION, DISTRIBUTION, MANUFACTURE, AND COPYRIGHT NOTICE
Place of production, publication, distribution, manufacture Santo Domingo :
Name of producer, publisher, distributor, manufacturer Editora Del Caribe,
Date of production, publication, distribution, manufacture, or copyright notice 2007
300 ## - PHYSICAL DESCRIPTION
Extent 106 páginas :
Other physical details ilustraciones, mapas., retratos ;
Dimensions 20 cm.
336 ## - CONTENT TYPE
Source rdacontent
Content type term texto
Content type code txt
337 ## - MEDIA TYPE
Source rdamedia
Media type term sin mediación
Media type code nc
338 ## - CARRIER TYPE
Source rdacarrier
Carrier type term volumen
Carrier type code n
500 ## - GENERAL NOTE
General note Incluye datos biográficos del autor en la contracubierta
504 ## - BIBLIOGRAPHY, ETC. NOTE
Bibliography, etc Bibliografía : p. 105-106
590 ## - LOCAL NOTE (RLIN)
Local note Inventariado, 2025/VM
651 #4 - SUBJECT ADDED ENTRY--GEOGRAPHIC NAME
Geographic name Las Salinas, Barahona (República Dominicana)
General subdivision Historia local
651 #4 - SUBJECT ADDED ENTRY--GEOGRAPHIC NAME
Geographic name Las Salinas, Barahona (República Dominican)
General subdivision Historia
651 #4 - SUBJECT ADDED ENTRY--GEOGRAPHIC NAME
Geographic name Las Salinas, Barahona (República Dominicana)
General subdivision Vida social y costumbres
910 ## - USER-OPTION DATA (OCLC)
User-option data VMateo V. Control de calidad BPMSU
942 ## - ADDED ENTRY ELEMENTS (KOHA)
Source of classification or shelving scheme Dewey Decimal Classification
Koha item type Libros
Existencias
Withdrawn status Lost status Source of classification or shelving scheme Damaged status Not for loan Collection code Home library Current library Date acquired Total Checkouts Full call number Barcode Date last seen Price effective from Koha item type
    Dewey Decimal Classification     Colección Dominicana Biblioteca Pública Metropolitana Salomé Ureña Biblioteca Pública Metropolitana Salomé Ureña 04/01/2025   BPMSU CD 972.325 P438ap 2007 BPMSU25040005 04/01/2025 04/01/2025 Libros